| 000 | 00430cam a2200181ua 4500 | ||
|---|---|---|---|
| 020 | _c14.6 | ||
| 041 |
_aeng _h |
||
| 082 |
_a535 _bEDS/LI |
||
| 100 | _aEdser, Edwin . | ||
| 245 |
_aLight for students / _cEdwin Edser. _hTextual Documents |
||
| 250 |
_a / _b. |
||
| 260 |
_aLondon : _bMacMillan and Company Limited , _c1960. |
||
| 300 | _a591 ; . | ||
| 365 | _a14.6 | ||
| 504 | _a | ||
| 942 | _cBK | ||
| 999 |
_c1661 _d1661 |
||